[Event "Grand Swiss "]
[Date "2025.09.14"]
[White "Ivanchuk, Vasyl"]
[Black "Bacrot, Etienne"]
[WhiteElo "2608"]
[BlackElo "2637"]
[Round "9.9.44"]
[Result "1-0"]

1. e4 {[%clk 01:40:58] [%emt 00:00:01]} e6 {[%clk 01:40:56] [%emt 00:00:04]} 2.
d4 {[%clk 01:41:23] [%emt 00:00:05]} d5 {[%clk 01:41:23] [%emt 00:00:03]} 3. Nc3
{[%clk 01:41:50] [%emt 00:00:04]} Nf6 {[%clk 01:41:49] [%emt 00:00:04]} 4. Bg5
{[%clk 01:42:18] [%emt 00:00:02]} dxe4 {[%clk 01:42:08] [%emt 00:00:11]} 5. Nxe4
{[%clk 01:42:42] [%emt 00:00:05]} Be7 {[%clk 01:42:35] [%emt 00:00:04]} 6. Nxf6+
{[%clk 01:43:07] [%emt 00:00:04]} Bxf6 {[%clk 01:42:59] [%emt 00:00:07]} 7. Bxf6
{[%clk 01:43:34] [%emt 00:00:04]} Qxf6 {[%clk 01:43:22] [%emt 00:00:07]} 8. Nf3
{[%clk 01:44:02] [%emt 00:00:02]} c5 {[%clk 01:42:12] [%emt 00:01:40]} 9. Bb5+
{[%clk 01:44:28] [%emt 00:00:05]} Bd7 {[%clk 01:42:37] [%emt 00:00:05]} 10. Qe2
{[%clk 01:44:53] [%emt 00:00:04]} O-O {[%clk 01:31:17] [%emt 00:11:51]} 11.
O-O-O {[%clk 01:44:58] [%emt 00:00:25]} a6 {[%clk 01:31:34] [%emt 00:00:14]} 12.
Bxd7 {[%clk 01:42:48] [%emt 00:02:39]} Nxd7 {[%clk 01:31:50] [%emt 00:00:14]}
13. dxc5 {[%clk 01:42:57] [%emt 00:00:21]} Nxc5 {[%clk 01:32:16] [%emt
00:00:05]} 14. Qe3 {[%clk 01:43:20] [%emt 00:00:07]} Rac8 {[%clk 01:24:40] [%emt
00:08:07]} 15. Rd4 {[%clk 01:38:24] [%emt 00:05:25]} Rc7 {[%clk 01:06:21] [%emt
00:18:50]} 16. Rhd1 {[%clk 01:37:30] [%emt 00:01:22]} Rfc8 {[%clk 01:06:44]
[%emt 00:00:09]} 17. Ne5 {[%clk 01:30:08] [%emt 00:07:48]} Qe7 {[%clk 01:01:57]
[%emt 00:05:21]} 18. Qd2 {[%clk 01:10:20] [%emt 00:20:09]} h6 {[%clk 00:56:15]
[%emt 00:06:20]} 19. Nc4 {[%clk 01:02:56] [%emt 00:07:54]} b5 {[%clk 00:45:46]
[%emt 00:11:00]} 20. Nd6 {[%clk 01:01:44] [%emt 00:01:41]} Rb8 {[%clk 00:46:13]
[%emt 00:00:04]} 21. Kb1 {[%clk 00:39:02] [%emt 00:23:11]} Na4 {[%clk 00:45:40]
[%emt 00:01:04]} 22. f4 {[%clk 00:34:21] [%emt 00:05:11]} Nb6 {[%clk 00:40:27]
[%emt 00:05:43]} 23. f5 {[%clk 00:33:50] [%emt 00:01:01]} e5 {[%clk 00:26:00]
[%emt 00:14:57]} 24. Rd3 {[%clk 00:26:06] [%emt 00:08:13]} Nc4 {[%clk 00:14:01]
[%emt 00:12:29]} 25. Qe2 {[%clk 00:26:30] [%emt 00:00:07]} f6 {[%clk 00:07:45]
[%emt 00:06:46]} 26. Ne4 {[%clk 00:23:40] [%emt 00:03:19]} Rbc8 {[%clk 00:07:48]
[%emt 00:00:28]} 27. g4 {[%clk 00:20:28] [%emt 00:03:42]} Kh7 {[%clk 00:05:24]
[%emt 00:02:54]} 28. g5 {[%clk 00:11:03] [%emt 00:09:54]} fxg5 {[%clk 00:05:43]
[%emt 00:00:12]} 29. f6 {[%clk 00:05:54] [%emt 00:05:39]} Qf7 {[%clk 00:06:08]
[%emt 00:00:05]} 30. fxg7 {[%clk 00:04:30] [%emt 00:01:54]} Qxg7 {[%clk
00:04:55] [%emt 00:01:44]} 31. Rd7 {[%clk 00:04:13] [%emt 00:00:46]} 1-0

[Site "Europe Echecs"]

[Event "Grand Swiss "]
[Date "2025.09.14"]
[White "Samunenkov, Ihor"]
[Black "Ivic, Velimir"]
[WhiteElo "2550"]
[BlackElo "2630"]
[Round "9.9.45"]
[Result "1/2-1/2"]

1. e4 {[%clk 01:40:53] [%emt 00:00:06]} c5 {[%clk 01:40:15] [%emt 00:00:45]} 2.
Nf3 {[%clk 01:41:16] [%emt 00:00:07]} d6 {[%clk 01:38:46] [%emt 00:01:59]} 3.
Bb5+ {[%clk 01:41:36] [%emt 00:00:10]} Nd7 {[%clk 01:37:55] [%emt 00:01:21]} 4.
Ba4 {[%clk 01:41:54] [%emt 00:00:12]} Ngf6 {[%clk 01:32:47] [%emt 00:05:38]} 5.
O-O {[%clk 01:42:07] [%emt 00:00:17]} g6 {[%clk 01:32:09] [%emt 00:01:07]} 6.
Re1 {[%clk 01:41:28] [%emt 00:01:09]} Bg7 {[%clk 01:31:15] [%emt 00:01:24]} 7.
c3 {[%clk 01:41:30] [%emt 00:00:28]} O-O {[%clk 01:30:58] [%emt 00:00:46]} 8. d4
{[%clk 01:41:22] [%emt 00:00:38]} Qc7 {[%clk 01:29:16] [%emt 00:02:12]} 9. h3
{[%clk 01:38:22] [%emt 00:03:30]} e6 {[%clk 01:21:22] [%emt 00:08:24]} 10. Nbd2
{[%clk 01:36:03] [%emt 00:02:49]} a6 {[%clk 01:17:00] [%emt 00:04:53]} 11. e5
{[%clk 01:35:34] [%emt 00:00:58]} Ne8 {[%clk 01:00:16] [%emt 00:17:13]} 12. Bxd7
{[%clk 01:18:18] [%emt 00:17:47]} Bxd7 {[%clk 01:00:03] [%emt 00:00:43]} 13. Ne4
{[%clk 01:18:32] [%emt 00:00:15]} cxd4 {[%clk 00:49:34] [%emt 00:11:00]} 14.
cxd4 {[%clk 01:17:05] [%emt 00:01:57]} Bc6 {[%clk 00:47:10] [%emt 00:02:54]} 15.
Bg5 {[%clk 01:13:04] [%emt 00:04:31]} h6 {[%clk 00:28:23] [%emt 00:19:17]} 16.
Bh4 {[%clk 01:12:56] [%emt 00:00:38]} Bxe4 {[%clk 00:25:45] [%emt 00:03:08]} 17.
Rxe4 {[%clk 01:13:17] [%emt 00:00:09]} Rc8 {[%clk 00:24:50] [%emt 00:01:25]} 18.
Re3 {[%clk 00:48:32] [%emt 00:25:16]} Qd7 {[%clk 00:15:25] [%emt 00:09:56]} 19.
d5 {[%clk 00:41:05] [%emt 00:07:56]} exd5 {[%clk 00:08:04] [%emt 00:07:51]} 20.
Qxd5 {[%clk 00:40:21] [%emt 00:01:14]} Rc5 {[%clk 00:04:10] [%emt 00:04:24]} 21.
Qd3 {[%clk 00:37:35] [%emt 00:03:15]} Nc7 {[%clk 00:04:17] [%emt 00:00:23]} 22.
Qxd6 {[%clk 00:25:00] [%emt 00:13:05]} Rd5 {[%clk 00:04:28] [%emt 00:00:19]} 23.
Qxd7 {[%clk 00:25:22] [%emt 00:00:08]} Rxd7 {[%clk 00:04:57] [%emt 00:00:02]}
24. Rc1 {[%clk 00:25:02] [%emt 00:00:50]} g5 {[%clk 00:05:04] [%emt 00:00:23]}
25. Bg3 {[%clk 00:25:20] [%emt 00:00:11]} Ne6 {[%clk 00:04:48] [%emt 00:00:46]}
26. Kf1 {[%clk 00:22:44] [%emt 00:03:06]} Kh7 {[%clk 00:04:48] [%emt 00:00:30]}
27. Bh2 {[%clk 00:19:37] [%emt 00:03:36]} Rfd8 {[%clk 00:04:07] [%emt 00:01:11]}
28. Ke2 {[%clk 00:19:16] [%emt 00:00:50]} Rd5 {[%clk 00:03:30] [%emt 00:01:08]}
29. g4 {[%clk 00:15:07] [%emt 00:04:38]} Bf8 {[%clk 00:03:44] [%emt 00:00:16]}
30. Bg3 {[%clk 00:15:18] [%emt 00:00:20]} Kg6 {[%clk 00:03:52] [%emt 00:00:22]}
31. h4 {[%clk 00:13:49] [%emt 00:01:59]} Rb5 {[%clk 00:02:59] [%emt 00:01:23]}
32. h5+ {[%clk 00:10:41] [%emt 00:03:37]} Kg7 {[%clk 00:03:19] [%emt 00:00:10]}
33. Rb3 {[%clk 00:04:33] [%emt 00:06:39]} Rxb3 {[%clk 00:03:25] [%emt 00:00:24]}
34. axb3 {[%clk 00:04:57] [%emt 00:00:05]} Rd5 {[%clk 00:02:58] [%emt 00:00:57]}
35. Nd2 {[%clk 00:05:19] [%emt 00:00:08]} Bc5 {[%clk 00:00:42] [%emt 00:02:46]}
36. Nc4 {[%clk 00:04:16] [%emt 00:01:33]} Bd4 {[%clk 00:00:33] [%emt 00:00:40]}
37. Rd1 {[%clk 00:04:13] [%emt 00:00:33]} Kf8 {[%clk 00:00:32] [%emt 00:00:32]}
38. Nd6 {[%clk 00:03:32] [%emt 00:01:10]} Rc5 {[%clk 00:00:33] [%emt 00:00:30]}
39. Nf5 {[%clk 00:00:40] [%emt 00:03:22]} Bxb2 {[%clk 00:00:39] [%emt 00:00:24]}
40. Nxh6 {[%clk 00:00:35] [%emt 00:00:34]} Nd4+ {[%clk 00:00:35] [%emt
00:00:35]} 41. Ke3 {[%clk 00:37:16] [%emt 00:13:48]} Rb5 {[%clk 00:38:10] [%emt
00:12:55]} 42. Rxd4 {[%clk 00:18:18] [%emt 00:19:28]} Bxd4+ {[%clk 00:38:16]
[%emt 00:00:25]} 43. Kxd4 {[%clk 00:18:42] [%emt 00:00:05]} Rxb3 {[%clk
00:38:28] [%emt 00:00:18]} 44. Kd5 {[%clk 00:18:00] [%emt 00:01:12]} Rb5+ {[%clk
00:27:04] [%emt 00:11:53]} 45. Kc4 {[%clk 00:17:47] [%emt 00:00:43]} Rb6 {[%clk
00:25:29] [%emt 00:02:05]} 46. Nf5 {[%clk 00:18:07] [%emt 00:00:10]} a5 {[%clk
00:25:48] [%emt 00:00:12]} 47. e6 {[%clk 00:14:31] [%emt 00:04:05]} Rxe6 {[%clk
00:21:56] [%emt 00:04:23]} 48. Kb5 {[%clk 00:13:22] [%emt 00:01:39]} Ra6 {[%clk
00:19:56] [%emt 00:02:30]} 49. Nd6 {[%clk 00:12:13] [%emt 00:01:38]} a4 {[%clk
00:19:21] [%emt 00:01:05]} 50. Nxb7 {[%clk 00:12:11] [%emt 00:00:32]} Ra8 {[%clk
00:19:21] [%emt 00:00:30]} 51. Na5 {[%clk 00:05:54] [%emt 00:06:47]} Rd8 {[%clk
00:17:44] [%emt 00:02:07]} 52. Kxa4 {[%clk 00:02:07] [%emt 00:04:17]} Rd4+
{[%clk 00:17:52] [%emt 00:00:22]} 53. Kb5 {[%clk 00:02:14] [%emt 00:00:24]} Rxg4
{[%clk 00:17:31] [%emt 00:00:51]} 54. Nc4 {[%clk 00:02:37] [%emt 00:00:07]} Kg7
{[%clk 00:11:27] [%emt 00:06:34]} 55. Ne3 {[%clk 00:01:42] [%emt 00:01:25]} Re4
{[%clk 00:11:31] [%emt 00:00:27]} 56. Bc7 {[%clk 00:01:16] [%emt 00:00:55]} Kf6
{[%clk 00:04:07] [%emt 00:07:54]} 57. Bg3 {[%clk 00:01:14] [%emt 00:00:33]} Kg7
{[%clk 00:04:08] [%emt 00:00:29]} 58. Bd6 {[%clk 00:01:38] [%emt 00:00:06]} Kf6
{[%clk 00:03:06] [%emt 00:01:32]} 59. Kc5 {[%clk 00:01:33] [%emt 00:00:35]} Rh4
{[%clk 00:02:51] [%emt 00:00:46]} 60. h6 {[%clk 00:01:52] [%emt 00:00:10]} Kg6
{[%clk 00:02:58] [%emt 00:00:23]} 61. Bf8 {[%clk 00:02:04] [%emt 00:00:18]} Rf4
{[%clk 00:01:38] [%emt 00:01:50]} 62. Nd1 {[%clk 00:10:29] [%emt 00:07:05]} f5
{[%clk 00:15:38] [%emt 00:01:31]} 63. Kd5 {[%clk 00:08:35] [%emt 00:02:23]} g4
{[%clk 00:15:11] [%emt 00:00:57]} 64. Bg7 {[%clk 00:07:16] [%emt 00:01:49]} Re4
{[%clk 00:06:09] [%emt 00:09:32]} 65. Nb2 {[%clk 00:05:12] [%emt 00:02:34]} Re2
{[%clk 00:03:50] [%emt 00:02:50]} 66. Nd3 {[%clk 00:05:10] [%emt 00:00:31]} Kh7
{[%clk 00:04:13] [%emt 00:00:07]} 67. Bd4 {[%clk 00:02:27] [%emt 00:03:14]} Kxh6
{[%clk 00:01:41] [%emt 00:03:03]} 68. Be3+ {[%clk 00:02:46] [%emt 00:00:10]} Kg7
{[%clk 00:02:05] [%emt 00:00:06]} 69. Nf4 {[%clk 00:02:12] [%emt 00:01:05]} Ra2
{[%clk 00:01:55] [%emt 00:00:40]} 70. Ke6 {[%clk 00:02:23] [%emt 00:00:19]} Ra5
{[%clk 00:01:43] [%emt 00:00:42]} 71. Nd5 {[%clk 00:02:36] [%emt 00:00:17]} Kg6
{[%clk 00:01:13] [%emt 00:00:59]} 72. Ne7 {[%clk 00:02:42] [%emt 00:00:25]} Kh5
{[%clk 00:01:39] [%emt 00:00:05]} 73. Nxf5 {[%clk 00:02:59] [%emt 00:00:13]} Rb5
{[%clk 00:01:10] [%emt 00:00:59]} 74. Kf6 {[%clk 00:03:00] [%emt 00:00:28]} Ra5
{[%clk 00:01:17] [%emt 00:00:24]} 75. Bf4 {[%clk 00:01:13] [%emt 00:02:16]} Ra6+
{[%clk 00:00:46] [%emt 00:01:02]} 76. Nd6 {[%clk 00:00:57] [%emt 00:00:45]} Kh4
{[%clk 00:00:49] [%emt 00:00:27]} 77. Bg3+ {[%clk 00:00:43] [%emt 00:00:44]} Kh3
{[%clk 00:01:17] [%emt 00:00:02]} 78. Kf5 {[%clk 00:00:48] [%emt 00:00:24]} Ra5+
{[%clk 00:00:50] [%emt 00:00:58]} 79. Kf4 {[%clk 00:01:12] [%emt 00:00:05]} Ra4+
{[%clk 00:01:17] [%emt 00:00:04]} 80. Ne4 {[%clk 00:01:36] [%emt 00:00:06]} Kg2
{[%clk 00:00:41] [%emt 00:01:05]} 81. Kf5 {[%clk 00:01:00] [%emt 00:01:07]} Kf3
{[%clk 00:00:41] [%emt 00:00:30]} 82. Ng5+ {[%clk 00:01:05] [%emt 00:00:25]} Kg2
{[%clk 00:01:06] [%emt 00:00:05]} 83. Ne6 {[%clk 00:01:08] [%emt 00:00:27]} Ra2
{[%clk 00:00:45] [%emt 00:00:51]} 84. Nf4+ {[%clk 00:01:33] [%emt 00:00:05]} Kf1
{[%clk 00:00:54] [%emt 00:00:20]} 85. Nd3 {[%clk 00:01:58] [%emt 00:00:05]} Rd2
{[%clk 00:01:17] [%emt 00:00:08]} 86. Ke4 {[%clk 00:02:18] [%emt 00:00:09]} Re2+
{[%clk 00:01:38] [%emt 00:00:10]} 87. Kd4 {[%clk 00:01:51] [%emt 00:00:58]} Rd2
{[%clk 00:01:59] [%emt 00:00:08]} 88. Kc3 {[%clk 00:01:19] [%emt 00:01:02]} Re2
{[%clk 00:02:13] [%emt 00:00:16]} 89. Bh4 {[%clk 00:01:43] [%emt 00:00:06]} Kg1
{[%clk 00:01:31] [%emt 00:01:11]} 1/2-1/2

[Site "Europe Echecs"]

[Event "Grand Swiss "]
[Date "2025.09.14"]
[White "Daneshvar, Bardiya"]
[Black "Sarana, Alexey"]
[WhiteElo "2598"]
[BlackElo "2686"]
[Round "9.9.46"]
[Result "1/2-1/2"]

1. Nf3 {[%clk 01:40:57] [%emt 00:00:02]} d5 {[%clk 01:40:36] [%emt 00:00:24]} 2.
g3 {[%clk 01:41:23] [%emt 00:00:05]} g6 {[%clk 01:40:02] [%emt 00:01:03]} 3. Bg2
{[%clk 01:41:48] [%emt 00:00:05]} Bg7 {[%clk 01:40:29] [%emt 00:00:04]} 4. O-O
{[%clk 01:42:12] [%emt 00:00:06]} e5 {[%clk 01:39:59] [%emt 00:01:00]} 5. d3
{[%clk 01:42:36] [%emt 00:00:06]} Ne7 {[%clk 01:40:14] [%emt 00:00:14]} 6. c4
{[%clk 01:43:02] [%emt 00:00:05]} c6 {[%clk 01:34:17] [%emt 00:06:27]} 7. e4
{[%clk 01:43:18] [%emt 00:00:14]} O-O {[%clk 01:24:50] [%emt 00:09:57]} 8. b4
{[%clk 01:43:44] [%emt 00:00:05]} h6 {[%clk 01:21:49] [%emt 00:03:30]} 9. a4
{[%clk 01:37:17] [%emt 00:06:57]} Be6 {[%clk 01:19:58] [%emt 00:02:21]} 10. Qe2
{[%clk 01:28:43] [%emt 00:09:05]} a5 {[%clk 01:15:51] [%emt 00:04:36]} 11. b5
{[%clk 01:25:13] [%emt 00:04:01]} Nd7 {[%clk 01:15:53] [%emt 00:00:27]} 12. Ba3
{[%clk 01:22:06] [%emt 00:03:37]} Rc8 {[%clk 01:09:57] [%emt 00:06:25]} 13. Nbd2
{[%clk 01:16:48] [%emt 00:05:48]} d4 {[%clk 01:07:36] [%emt 00:02:51]} 14. Kh1
{[%clk 01:06:01] [%emt 00:11:17]} Re8 {[%clk 00:58:02] [%emt 00:10:04]} 15. Ng1
{[%clk 00:59:24] [%emt 00:07:07]} c5 {[%clk 00:56:43] [%emt 00:01:50]} 16. Rae1
{[%clk 00:55:21] [%emt 00:04:32]} Nf8 {[%clk 00:55:41] [%emt 00:01:32]} 17. Bh3
{[%clk 00:49:16] [%emt 00:06:35]} Bxh3 {[%clk 00:52:52] [%emt 00:03:18]} 18.
Nxh3 {[%clk 00:49:11] [%emt 00:00:35]} Qd7 {[%clk 00:53:15] [%emt 00:00:07]} 19.
Kg2 {[%clk 00:47:40] [%emt 00:02:01]} Ne6 {[%clk 00:46:54] [%emt 00:06:51]} 20.
Bc1 {[%clk 00:43:04] [%emt 00:05:06]} b6 {[%clk 00:46:34] [%emt 00:00:51]} 21.
f4 {[%clk 00:41:07] [%emt 00:02:28]} exf4 {[%clk 00:46:56] [%emt 00:00:07]} 22.
Nxf4 {[%clk 00:41:33] [%emt 00:00:04]} Nxf4+ {[%clk 00:47:07] [%emt 00:00:19]}
23. gxf4 {[%clk 00:41:10] [%emt 00:00:54]} f5 {[%clk 00:47:00] [%emt 00:00:37]}
24. e5 {[%clk 00:41:34] [%emt 00:00:06]} Qb7+ {[%clk 00:45:33] [%emt 00:01:57]}
25. Kf2 {[%clk 00:40:07] [%emt 00:01:57]} Kh7 {[%clk 00:43:49] [%emt 00:02:14]}
26. Rg1 {[%clk 00:36:26] [%emt 00:04:11]} Ng8 {[%clk 00:43:12] [%emt 00:01:07]}
27. Qf1 {[%clk 00:34:36] [%emt 00:02:20]} Re6 {[%clk 00:35:22] [%emt 00:08:20]}
28. Nf3 {[%clk 00:33:41] [%emt 00:01:26]} Bf8 {[%clk 00:35:43] [%emt 00:00:08]}
29. Qh3 {[%clk 00:26:06] [%emt 00:08:05]} Be7 {[%clk 00:35:11] [%emt 00:01:01]}
30. Rg3 {[%clk 00:23:13] [%emt 00:03:24]} h5 {[%clk 00:34:25] [%emt 00:01:16]}
31. Reg1 {[%clk 00:17:56] [%emt 00:05:48]} Nh6 {[%clk 00:33:56] [%emt 00:00:59]}
32. Qg2 {[%clk 00:18:08] [%emt 00:00:18]} Qa8 {[%clk 00:33:24] [%emt 00:01:02]}
33. Ke2 {[%clk 00:16:13] [%emt 00:02:25]} Rg8 {[%clk 00:33:19] [%emt 00:00:34]}
34. Kd1 {[%clk 00:15:16] [%emt 00:01:28]} Qc8 {[%clk 00:31:54] [%emt 00:01:54]}
35. Ng5+ {[%clk 00:13:54] [%emt 00:01:52]} Bxg5 {[%clk 00:32:13] [%emt
00:00:11]} 36. Rxg5 {[%clk 00:14:21] [%emt 00:00:03]} Nf7 {[%clk 00:23:58] [%emt
00:08:44]} 37. Rg3 {[%clk 00:14:24] [%emt 00:00:28]} Nh6 {[%clk 00:23:39] [%emt
00:00:49]} 38. Kc2 {[%clk 00:13:45] [%emt 00:01:09]} Ng4 {[%clk 00:23:46] [%emt
00:00:22]} 39. Kb3 {[%clk 00:13:53] [%emt 00:00:23]} Qa8 {[%clk 00:23:31] [%emt
00:00:44]} 40. Qd5 {[%clk 00:12:46] [%emt 00:01:38]} Qc8 {[%clk 00:22:58] [%emt
00:01:02]} 41. h3 {[%clk 00:09:48] [%emt 00:03:28]} Nh6 {[%clk 00:23:10] [%emt
00:00:18]} 42. Bd2 {[%clk 00:07:26] [%emt 00:02:52]} Rd8 {[%clk 00:22:22] [%emt
00:01:18]} 43. Qg2 {[%clk 00:04:50] [%emt 00:03:06]} Rg8 {[%clk 00:22:34] [%emt
00:00:18]} 44. Be1 {[%clk 00:05:08] [%emt 00:00:12]} Rg7 {[%clk 00:20:22] [%emt
00:02:41]} 45. Rg5 {[%clk 00:01:29] [%emt 00:04:09]} Qd7 {[%clk 00:17:25] [%emt
00:03:25]} 46. Bh4 {[%clk 00:47:19] [%emt 00:04:42]} Ng8 {[%clk 01:07:09] [%emt
00:00:45]} 47. Ka3 {[%clk 00:42:28] [%emt 00:05:23]} Qf7 {[%clk 01:06:41] [%emt
00:00:57]} 48. Rg3 {[%clk 00:42:28] [%emt 00:00:31]} Qe8 {[%clk 01:05:19] [%emt
00:01:51]} 49. Kb3 {[%clk 00:40:28] [%emt 00:02:31]} Qf7 {[%clk 01:02:56] [%emt
00:02:51]} 50. Qa8 {[%clk 00:39:16] [%emt 00:01:43]} Qe8 {[%clk 01:03:12] [%emt
00:00:14]} 51. Qxe8 {[%clk 00:37:07] [%emt 00:02:39]} Rxe8 {[%clk 01:02:51]
[%emt 00:00:52]} 52. Bf6 {[%clk 00:37:33] [%emt 00:00:04]} Re6 {[%clk 01:02:25]
[%emt 00:00:55]} 53. Bh4 {[%clk 00:34:25] [%emt 00:03:38]} Nh6 {[%clk 01:01:50]
[%emt 00:01:05]} 54. Kc2 {[%clk 00:34:17] [%emt 00:00:39]} Rg8 {[%clk 01:02:00]
[%emt 00:00:19]} 55. Kd2 {[%clk 00:34:38] [%emt 00:00:09]} Nf7 {[%clk 01:02:22]
[%emt 00:00:08]} 56. Ke2 {[%clk 00:35:03] [%emt 00:00:06]} Rg7 {[%clk 01:00:09]
[%emt 00:02:43]} 57. Kf3 {[%emt 00:00:46]} 1/2-1/2

[Site "Europe Echecs"]

[Event "Grand Swiss "]
[Date "2025.09.14"]
[White "Donchenko, Alexander"]
[Black "Eljanov, Pavel"]
[WhiteElo "2624"]
[BlackElo "2682"]
[Round "9.9.47"]
[Result "1-0"]

1. e4 {[%clk 01:40:56] [%emt 00:00:02]} c5 {[%clk 01:39:40] [%emt 00:01:21]} 2.
Nf3 {[%clk 01:40:14] [%emt 00:01:12]} e6 {[%clk 01:39:52] [%emt 00:00:19]} 3. d3
{[%clk 01:37:19] [%emt 00:03:26]} Nc6 {[%clk 01:37:35] [%emt 00:02:47]} 4. g3
{[%clk 01:37:08] [%emt 00:00:41]} d5 {[%clk 01:37:22] [%emt 00:00:43]} 5. Qe2
{[%clk 01:37:09] [%emt 00:00:28]} Nge7 {[%clk 01:29:01] [%emt 00:08:51]} 6. Bg2
{[%clk 01:35:03] [%emt 00:02:36]} g6 {[%clk 01:29:12] [%emt 00:00:20]} 7. h4
{[%clk 01:31:18] [%emt 00:04:15]} h6 {[%clk 01:27:12] [%emt 00:02:31]} 8. Bf4
{[%clk 01:25:08] [%emt 00:06:39]} Bg7 {[%clk 01:19:24] [%emt 00:08:19]} 9. e5
{[%clk 01:24:12] [%emt 00:01:25]} Nd4 {[%clk 01:19:36] [%emt 00:00:17]} 10. Nxd4
{[%clk 01:23:39] [%emt 00:01:03]} cxd4 {[%clk 01:20:02] [%emt 00:00:05]} 11. Nd2
{[%clk 01:18:08] [%emt 00:06:01]} Qb6 {[%clk 01:11:43] [%emt 00:08:49]} 12. Rb1
{[%clk 01:13:58] [%emt 00:04:41]} Bd7 {[%clk 01:10:14] [%emt 00:01:59]} 13. c4
{[%clk 01:07:58] [%emt 00:06:29]} dxc3 {[%clk 01:07:45] [%emt 00:02:59]} 14.
bxc3 {[%clk 01:08:01] [%emt 00:00:27]} Qa6 {[%clk 01:05:38] [%emt 00:02:38]} 15.
d4 {[%clk 01:04:12] [%emt 00:04:18]} Qxa2 {[%clk 00:56:45] [%emt 00:09:24]} 16.
Rxb7 {[%clk 01:03:25] [%emt 00:01:17]} Qa1+ {[%clk 00:53:05] [%emt 00:04:10]}
17. Nb1 {[%clk 01:01:32] [%emt 00:02:23]} Bc6 {[%clk 00:50:15] [%emt 00:03:19]}
18. Rb2 {[%clk 00:55:16] [%emt 00:06:46]} a6 {[%clk 00:36:12] [%emt 00:14:34]}
19. Qc2 {[%clk 00:47:10] [%emt 00:08:36]} Qa5 {[%clk 00:36:35] [%emt 00:00:07]}
20. Nd2 {[%clk 00:45:14] [%emt 00:02:25]} Bb5 {[%clk 00:29:11] [%emt 00:07:54]}
21. Nb3 {[%clk 00:44:16] [%emt 00:01:28]} Qc7 {[%clk 00:28:21] [%emt 00:01:21]}
22. Nc5 {[%clk 00:40:35] [%emt 00:04:11]} Nc6 {[%clk 00:27:57] [%emt 00:00:54]}
23. Bf1 {[%clk 00:31:13] [%emt 00:09:51]} Bxf1 {[%clk 00:28:17] [%emt 00:00:10]}
24. Kxf1 {[%clk 00:30:57] [%emt 00:00:46]} Bf8 {[%clk 00:26:09] [%emt 00:02:38]}
25. Nb7 {[%clk 00:26:53] [%emt 00:04:35]} Qd7 {[%clk 00:21:59] [%emt 00:04:40]}
26. Kg2 {[%clk 00:19:41] [%emt 00:07:42]} Nb4 27. cxb4 {[%clk 00:19:52]} Qxb7
{[%clk 00:22:10] [%emt 00:00:03]} 28. Qa4+ {[%clk 00:16:04] [%emt 00:04:17]} Qd7
{[%clk 00:12:50] [%emt 00:09:50]} 29. Ra1 {[%clk 00:14:32] [%emt 00:02:03]} Qxa4
{[%clk 00:10:07] [%emt 00:03:13]} 30. Rxa4 {[%clk 00:15:00] [%emt 00:00:02]} Kd7
{[%clk 00:10:12] [%emt 00:00:25]} 31. b5 {[%clk 00:12:50] [%emt 00:02:40]} a5
{[%clk 00:10:35] [%emt 00:00:06]} 32. b6 {[%clk 00:08:11] [%emt 00:05:09]} Bb4
{[%clk 00:10:34] [%emt 00:00:31]} 33. Bxh6 {[%clk 00:05:31] [%emt 00:03:10]}
Rhb8 {[%clk 00:09:35] [%emt 00:01:30]} 34. g4 {[%clk 00:02:15] [%emt 00:03:47]}
Kc6 {[%clk 00:06:57] [%emt 00:03:07]} 35. Rbxb4 {[%clk 00:01:46] [%emt
00:00:59]} axb4 {[%clk 00:07:22] [%emt 00:00:05]} 36. Rxb4 {[%clk 00:02:15]
[%emt 00:00:02]} Rxb6 {[%clk 00:06:11] [%emt 00:01:41]} 37. Rxb6+ {[%clk
00:02:30] [%emt 00:00:15]} Kxb6 {[%clk 00:06:37] [%emt 00:00:04]} 38. Bg7 {[%clk
00:01:48] [%emt 00:01:12]} Rg8 {[%clk 00:05:25] [%emt 00:01:41]} 39. Bf6 {[%clk
00:02:04] [%emt 00:00:15]} Kb5 {[%clk 00:05:51] [%emt 00:00:04]} 40. Kf1 {[%clk
00:00:56] [%emt 00:01:38]} Kc4 {[%clk 00:00:51] [%emt 00:05:30]} 41. h5 {[%clk
00:01:06] [%emt 00:00:19]} Kxd4 {[%clk 00:47:17] [%emt 00:04:04]} 42. h6 {[%clk
00:50:05] [%emt 00:01:32]} Ke4 {[%clk 00:47:27] [%emt 00:00:20]} 43. h7 {[%clk
00:40:19] [%emt 00:10:16]} Ra8 {[%clk 00:47:34] [%emt 00:00:23]} 44. h8=Q {[%clk
00:40:25] [%emt 00:00:24]} Rxh8 {[%clk 00:48:00] [%emt 00:00:04]} 45. Bxh8
{[%clk 00:40:52] [%emt 00:00:04]} Kf4 {[%clk 00:48:25] [%emt 00:00:05]} 46. Ke2
{[%clk 00:39:45] [%emt 00:01:37]} Kxg4 {[%clk 00:48:47] [%emt 00:00:08]} 47. Ke3
{[%clk 00:39:53] [%emt 00:00:22]} Kg5 {[%clk 00:29:22] [%emt 00:19:55]} 48. Bg7
{[%clk 00:24:28] [%emt 00:15:55]} Kg4 {[%clk 00:23:25] [%emt 00:06:27]} 49. Bh6
{[%clk 00:14:10] [%emt 00:10:49]} Kh5 {[%clk 00:15:12] [%emt 00:08:43]} 50. Bf8
{[%clk 00:10:49] [%emt 00:03:50]} Kg4 {[%clk 00:14:52] [%emt 00:00:49]} 51. Bg7
{[%clk 00:07:14] [%emt 00:04:06]} Kg5 {[%clk 00:13:57] [%emt 00:01:26]} 52. Kf3
{[%clk 00:05:13] [%emt 00:02:30]} Kf5 {[%clk 00:14:08] [%emt 00:00:19]} 53. Bf6
{[%clk 00:05:29] [%emt 00:00:14]} d4 {[%clk 00:07:21] [%emt 00:07:18]} 54. Bg7
{[%clk 00:03:38] [%emt 00:02:21]} g5 {[%clk 00:07:43] [%emt 00:00:07]} 55. Bf6
{[%clk 00:03:55] [%emt 00:00:13]} g4+ {[%clk 00:07:56] [%emt 00:00:17]} 56. Ke2
{[%clk 00:04:14] [%emt 00:00:12]} Ke4 {[%clk 00:08:12] [%emt 00:00:13]} 57. Kd2
{[%clk 00:04:33] [%emt 00:00:11]} d3 {[%clk 00:03:01] [%emt 00:05:43]} 58. Kc3
{[%clk 00:04:22] [%emt 00:00:40]} Kf3 {[%clk 00:03:23] [%emt 00:00:08]} 59. Kxd3
{[%clk 00:04:46] [%emt 00:00:05]} Kxf2 {[%clk 00:03:50] [%emt 00:00:04]} 60. Ke4
{[%clk 00:05:11] [%emt 00:00:05]} Kg3 {[%clk 00:03:54] [%emt 00:00:26]} 61. Be7
{[%clk 00:04:56] [%emt 00:00:45]} Kh3 {[%clk 00:01:17] [%emt 00:03:07]} 62. Kf4
{[%clk 00:04:19] [%emt 00:01:07]} g3 {[%clk 00:01:42] [%emt 00:00:05]} 63. Bc5
{[%clk 00:02:09] [%emt 00:02:39]} g2 {[%clk 00:00:33] [%emt 00:01:40]} 64. Bf2
{[%clk 00:01:58] [%emt 00:00:41]} 1-0

[Site "Europe Echecs"]